How innovaion really works / (Record no. 146465)

MARC details
000 -LEADER
fixed length control field 00618nam a22002057a 4500
005 - DATE AND TIME OF LATEST TRANSACTION
control field 20171101104808.0
010 ## - LCCN (DPL NO)
LC control number ENG-120972
020 ## - INTERNATIONAL STANDARD BOOK NUMBER
Terms of availability 595.00
International Standard Book Number 9789352606337
020 ## - INTERNATIONAL STANDARD BOOK NUMBER
Terms of availability 595.00
International Standard Book Number 9352606337
035 ## - SYSTEM CONTROL NUMBER
System control number EN-104504
037 ## - SOURCE OF ACQUISITION
Source of stock number/acquisition DBAD/PUB
082 ## - DEWEY DECIMAL CLASSIFICATION NUMBER
Classification number 658.4063
100 ## - MAIN ENTRY--PERSONAL NAME
Personal name Knott, Anne Marie
245 ## - TITLE STATEMENT
Title How innovaion really works /
Statement of responsibility, etc by Anne Marie Knott
260 ## - PUBLICATION, DISTRIBUTION, ETC. (IMPRINT)
Place of publication, distribution, etc NOIDA
Name of publisher, distributor, etc Mc Graw Hill Education
Date of publication, distribution, etc 2017
270 ## - ADDRESS
Address B-4,Sectors-63, Dist. Gautam Budh Nagar
City NOIDA
Postal code 201301
300 ## - PHYSICAL DESCRIPTION
Extent xiv,253p.
Dimensions 23cm(pbk)
Other physical details ill
500 ## - GENERAL NOTE
General note Includes Index
942 ## - ADDED ENTRY ELEMENTS (KOHA)
Source of classification or shelving scheme Dewey Decimal Classification
Item type English Books
Classification part 658.4063
Call number suffix KNO
Holdings
Withdrawn status Lost status Not for loan Collection code Home library Current library Date acquired Source of acquisition Cost, normal purchase price Full call number Barcode Copy number Cost, replacement price Koha item type
    Not For Loan Non-fiction D.B.Act.Division Bawana 11/10/2017 DBAD/PUB 595.00 658.4063 KNO EN-104504 1 595.00 English Books

© Delhi Public Library
Hit Counter
free hit counter